Redox Biology | Elsevier

Détails bibliographiques
Format: Électronique Revue
Langue:English
Publié: Cambridge University Press
Accès en ligne:Full text available on Research4Life (HINARI,AGORA,OARE,ARDI & GOALI)
LEADER 00712cas a2200169 a 4500
001 AALejournalResearch4Life010703
008 240902c9999 xx r poo 0 0eng d
022 |a 22132317 
040 |a BD-DhAAL  |c BD-DhAAL 
245 0 0 |h [electronic resource]  |a Redox Biology | Elsevier 
260 |b Cambridge University Press 
300 |a 1 online resource 
362 0 |a 2013 - current issue 
500 |a <strong>On-Campus Access Only (IP based access)</strong> 
506 |a Electronic access restricted to authorized BRAC University faculty, staff and students 
538 |a Mode of access: Internet 
856 4 0 |z Full text available on Research4Life (HINARI,AGORA,OARE,ARDI & GOALI)  |u http://www.journals.elsevier.com/redox-biology/